000 00370 a2200157 4500
001 74482
020 _a
040 _cAnchieta - Colégio São Paulo
100 _aOliveira, Marco Túlio Miranda de
240 1 0 _aA história do Brasil em Cordel
_lpor
245 1 0 _aA história do Brasil em Cordel
300 _a
362 0 _a1996
650 4 _aBrasil
942 _cBK
999 _c74482
_d74482